000 00608nam a22002177a 4500
003 UA-OsUOA
001 105173
007 ta
008 20140212b un ||||| |||| 00| 0 ukr d
100 _aДеркач О.
090 _a82
_bД36
942 _cSA
040 _aUA-OsUOA
_bukr
_cUA-OsUOA
_dUA-OsUOA
245 _aТворчі літературні диктанти на уроках української літератури
300 _aС.24-27
955 _a0
041 _aukr
080 _a82
773 0 _w105171
650 7 _a82 Література. Літературознавство
_2UDC
999 _c391394
_d391394